| 000 | 00553cam a2200193ua 4500 | ||
|---|---|---|---|
| 001 | 6522 | ||
| 008 | 131217n ii |||gr||||Z||||||eng | ||
| 040 | _cMAIN | ||
| 082 | _a336.24 | ||
| 245 |
_aPractical approach to Income Tax Law : _bWith wealth tax law / _cBy D.K. Chakraborty . |
||
| 250 | _a25th ed. | ||
| 260 |
_aCalcutta: _bRabindra library, _c1999. |
||
| 300 | _axx,807p. | ||
| 653 | _aCommerce | ||
| 653 | _aPractical approach to Income Tax Law : | ||
| 700 |
_aChakraborty,D.K., _eAuthor., |
||
| 700 | 1 |
_aGupta,Samrat, _eAuthor. |
|
| 942 | _cBK | ||
| 999 |
_c5671 _d5671 |
||